Ecology in development : a rationale for three-dimensional policy / (Record no. 40707)

MARC details
000 -LEADER
fixed length control field 00643nam a2200181 a 4500
008 - FIXED-LENGTH DATA ELEMENTS--GENERAL INFORMATION
fixed length control field 120416s1984 ||||||||||||||||| || u
020 ## - INTERNATIONAL STANDARD BOOK NUMBER
International Standard Book Number 9280804588
050 ## - LIBRARY OF CONGRESS CALL NUMBER
Classification number QH 541 Spo
100 ## - MAIN ENTRY--PERSONAL NAME
Personal name Spooner, Brian
245 10 - TITLE STATEMENT
Title Ecology in development : a rationale for three-dimensional policy /
260 ## - PUBLICATION, DISTRIBUTION, ETC.
Place of publication, distribution, etc. Tokyo
Name of publisher, distributor, etc. United Nations University
Date of publication, distribution, etc. 1984
300 ## - PHYSICAL DESCRIPTION
Extent vii, 58p.
350 ## - PRICE (NR) (BK AM CF MU VM SE) [OBSOLETE]
Price 0.00
500 ## - GENERAL NOTE
General note Bibliography: p. 56-58.
650 ## - SUBJECT ADDED ENTRY--TOPICAL TERM
Topical term or geographic name entry element ECOLOGY
650 #0 - SUBJECT ADDED ENTRY--TOPICAL TERM
Topical term or geographic name entry element ENVIRONMENTAL POLICY--MACEDONIA
995 ## - RECOMMENDATION 995 [LOCAL, UNIMARC FRANCE]
-- 0.00
-- CBU-MAIN LIBRARY (Kitwe)
-- 1
-- 4.50
-- 1
-- DAMAGED
-- Main Library Open Access Collection
Holdings
Withdrawn status Lost status Source of classification or shelving scheme Damaged status Not for loan Home library Current library Shelving location Date acquired Total Checkouts Full call number Barcode Date last seen Price effective from Koha item type
          CBU-MAIN LIBRARY, KITWE. CBU-MAIN LIBRARY, KITWE.   11/30/2022   QH 541 Spo 018771 11/30/2022 11/30/2022 MONOGRAPH